<?xml version="1.0" encoding="UTF-8"?><?xml-stylesheet type="text/xsl" href="static/style.xsl"?><OAI-PMH xmlns="http://www.openarchives.org/OAI/2.0/" xmlns:xsi="http://www.w3.org/2001/XMLSchema-instance" xsi:schemaLocation="http://www.openarchives.org/OAI/2.0/ http://www.openarchives.org/OAI/2.0/OAI-PMH.xsd"><responseDate>2026-04-13T07:12:41Z</responseDate><request verb="GetRecord" identifier="oai:www.recercat.cat:11351/9293" metadataPrefix="marc">https://recercat.cat/oai/request</request><GetRecord><record><header><identifier>oai:recercat.cat:11351/9293</identifier><datestamp>2025-10-24T10:40:01Z</datestamp><setSpec>com_2072_378070</setSpec><setSpec>com_2072_378040</setSpec><setSpec>col_2072_378092</setSpec></header><metadata><record xmlns="http://www.loc.gov/MARC21/slim" xmlns:dcterms="http://purl.org/dc/terms/" xmlns:xsi="http://www.w3.org/2001/XMLSchema-instance" xmlns:doc="http://www.lyncode.com/xoai" xsi:schemaLocation="http://www.loc.gov/MARC21/slim http://www.loc.gov/standards/marcxml/schema/MARC21slim.xsd">
   <leader>00925njm 22002777a 4500</leader>
   <datafield ind2=" " ind1=" " tag="042">
      <subfield code="a">dc</subfield>
   </datafield>
   <datafield ind2=" " ind1=" " tag="720">
      <subfield code="a">Hess, Benjamin</subfield>
      <subfield code="e">author</subfield>
   </datafield>
   <datafield ind2=" " ind1=" " tag="720">
      <subfield code="a">Cahenzli, Martin</subfield>
      <subfield code="e">author</subfield>
   </datafield>
   <datafield ind2=" " ind1=" " tag="720">
      <subfield code="a">Forbes, Alastair</subfield>
      <subfield code="e">author</subfield>
   </datafield>
   <datafield ind2=" " ind1=" " tag="720">
      <subfield code="a">Corcos, Olivier</subfield>
      <subfield code="e">author</subfield>
   </datafield>
   <datafield ind2=" " ind1=" " tag="720">
      <subfield code="a">Burgos Peláez, Rosa</subfield>
      <subfield code="e">author</subfield>
   </datafield>
   <datafield ind2=" " ind1=" " tag="720">
      <subfield code="a">Coccolini, Federico</subfield>
      <subfield code="e">author</subfield>
   </datafield>
   <datafield ind2=" " ind1=" " tag="260">
      <subfield code="c">2023-04-04T09:28:03Z</subfield>
   </datafield>
   <datafield ind2=" " ind1=" " tag="260">
      <subfield code="c">2023-04-04T09:28:03Z</subfield>
   </datafield>
   <datafield ind2=" " ind1=" " tag="260">
      <subfield code="c">2023-04</subfield>
   </datafield>
   <datafield ind2=" " ind1=" " tag="520">
      <subfield code="a">Acute mesenteric ischaemia; Intestinal failure; Survey</subfield>
   </datafield>
   <datafield ind2=" " ind1=" " tag="520">
      <subfield code="a">Isquemia mesentérica aguda; Insuficiencia intestinal; Encuesta</subfield>
   </datafield>
   <datafield ind2=" " ind1=" " tag="520">
      <subfield code="a">Isquèmia mesentèrica aguda; Insuficiència intestinal; Enquesta</subfield>
   </datafield>
   <datafield ind2=" " ind1=" " tag="520">
      <subfield code="a">Background&#xd;
Acute mesenteric ischaemia (AMI) is a condition with high mortality. This survey assesses current attitudes and practices to manage AMI worldwide.&#xd;
Methods&#xd;
A questionnaire survey about the practices of diagnosing and managing AMI, endorsed by several specialist societies, was sent to different medical specialists and hospitals worldwide. Data from individual health care professionals and from medical teams were collected.&#xd;
Results&#xd;
We collected 493 individual forms from 71 countries and 94 team forms from 34 countries. Almost half of respondents were surgeons, and most of the responding teams (70%) were led by surgeons.&#xd;
Most of the respondents indicated that diagnosis of AMI is often delayed but rarely missed. Emergency revascularisation is often considered for patients with AMI but rarely in cases of transmural ischaemia (intestinal infarction). Responses from team hospitals with a dedicated special unit (14 team forms) indicated more aggressive revascularisation.&#xd;
Abdominopelvic CT-scan with intravenous contrast was suggested as the most useful diagnostic test, indicated by approximately 90% of respondents. Medical history and risk factors were thought to be more important in diagnosis of AMI without transmural ischaemia, whereas for intestinal infarction, plasma lactate concentrations and surgical exploration were considered more useful.&#xd;
In elderly patients, a palliative approach is often chosen over extensive bowel resection. There was a large variability in anticoagulant treatment, as well as in timing of surgery to restore bowel continuity.&#xd;
Conclusions&#xd;
Delayed diagnosis of AMI is common despite wide availability of an adequate imaging modality, i.e. CT-scan. Large variability in treatment approaches exists, indicating the need for updated guidelines. Increased awareness and knowledge of AMI may improve current practice until more robust evidence becomes available. Adherence to the existing guidelines may help in improving differences in treatment and outcomes.</subfield>
   </datafield>
   <datafield ind1="8" ind2=" " tag="024">
      <subfield code="a">http://hdl.handle.net/11351/9293</subfield>
   </datafield>
   <datafield tag="653" ind2=" " ind1=" ">
      <subfield code="a">Enquestes</subfield>
   </datafield>
   <datafield tag="653" ind2=" " ind1=" ">
      <subfield code="a">Isquèmia intestinal - Diagnòstic</subfield>
   </datafield>
   <datafield tag="653" ind2=" " ind1=" ">
      <subfield code="a">Isquèmia intestinal - Tractament</subfield>
   </datafield>
   <datafield tag="653" ind2=" " ind1=" ">
      <subfield code="a">DISEASES::Digestive System Diseases::Gastrointestinal Diseases::Intestinal Diseases::Mesenteric Ischemia</subfield>
   </datafield>
   <datafield tag="653" ind2=" " ind1=" ">
      <subfield code="a">Other subheadings::Other subheadings::/diagnosis</subfield>
   </datafield>
   <datafield tag="653" ind2=" " ind1=" ">
      <subfield code="a">ANALYTICAL, DIAGNOSTIC AND THERAPEUTIC TECHNIQUES, AND EQUIPMENT::Investigative Techniques::Epidemiologic Methods::Data Collection::Surveys and Questionnaires</subfield>
   </datafield>
   <datafield tag="653" ind2=" " ind1=" ">
      <subfield code="a">ENFERMEDADES::enfermedades del sistema digestivo::enfermedades gastrointestinales::enfermedades intestinales::isquemia mesentérica</subfield>
   </datafield>
   <datafield tag="653" ind2=" " ind1=" ">
      <subfield code="a">Otros calificadores::Otros calificadores::/diagnóstico</subfield>
   </datafield>
   <datafield tag="653" ind2=" " ind1=" ">
      <subfield code="a">TÉCNICAS Y EQUIPOS ANALÍTICOS, DIAGNÓSTICOS Y TERAPÉUTICOS::técnicas de investigación::métodos epidemiológicos::recopilación de datos::encuestas y cuestionarios</subfield>
   </datafield>
   <datafield ind2="0" ind1="0" tag="245">
      <subfield code="a">Management of acute mesenteric ischaemia: Results of a worldwide survey</subfield>
   </datafield>
</record></metadata></record></GetRecord></OAI-PMH>